000 00576nam a2200181 i 4500
001 29472
003 ES-MaACL
005 20251123063300.0
007 t|
008 030122s1966 sp ||||1| spa d
100 0 _aBarceló, Carlos,
_d1929-
_925500
245 1 0 _aOrganización del departamento de publicidad /
_cCarlos Barceló ; dibujos de Ramón Queral.
260 _aBarcelona :
_bSagitario,
_c1966.
300 _aXII, 344 p., 1 lám. :
_bil. ;
_c22 cm.
700 1 _aQueral, Ramón.
_994525
852 _aES-MaACL
_jC-29767
_bR.60196
999 _c29472
_d29472